02956nam a2200337 450000100030000000300040000300500170000700800410002402000140006504000080007904100130008708200170010010000230011724000250014024500720016525000200023726000330025730000110029049000370030150000270033852020770036565000250244265000100246765000200247765000190249765000100251665500120252665500160253870000270255483000370258184OSt20250528074011.0250123b |||||||d |||| 00| 1 eng d a850162901 bpor hengapor a028.5bC116d1 aCabot, Meg,d1967- aThe Princess Diaries aO diário da princesa /cCabot, Meg ; Tradução de Ruy Jungmann a14° edição aRio de JaneirobRecordc2004 a284 p.1 aO diário da PrincesavLivro 01 aO diário da princesa aAdaptado para o cinema pelos Estúdios Disney, O diário da princesa, de Meg Cabot, é a história de Mia Thermopolis — uma típica adolescente americana que recebe uma notícia que vira sua vida de ponta cabeça. Mia sabe que é fruto de um caso que sua mãe teve há muitos anos e só vê o pai nas férias e no Natal. Até que um dia ele descobre que não pode mais ter filhos. Nada surpreendente se não fosse por um detalhe: Mia descobre que seu pai é um príncipe. Ou seja, de uma hora para outra a jovem é a única herdeira do trono da Genovia. Sendo uma princesa e na verdade se chamando Amelia Mignonette Grimaldi Thermopolis Renaldo, a vida de Mia muda completamente. Ela passa a ser abordada por paparazzis que invadem seu colégio para fotografá-la e como num passe de mágica ela é popular. Mas, ainda longe de ser uma Cinderela, a jovem se vê obrigada a deixar sua cidade, seu colégio e ainda por cima, ter aulas de boas maneiras com sua avó, uma européia tradicional. Se o sonho de muitas meninas da idade de Mia é ser uma princesa, para ela isso pode virar um verdadeiro pesadelo.O diário da princesa são lembranças de qualquer adolescente da idade de Mia. Ela vive em Nova York, em Greenwich Village, com a mãe, uma pintora de sucesso que de uma hora para outra começa a namorar seu professor de álgebra — um verdadeiro mico perante a turma. Mia é desajeitada, tem os pés enormes e diferente da maioria das amigas parece uma tábua de passar roupas. Sua melhor amiga, Lilly, é feiosa e comanda um programa de televisão no canal do colégio. Os sonhos mais quentes de seu diário se resumem em beijar Josh Richter — o garoto mais popular do colégio. A heroína de O diário da princesa irá conquistar os corações de todas as adolescentes ao redor do mundo que um dia sonharam em usar uma coroa cravejada de brilhantes. O livro de Meg Cabot é delicioso e divertido, repleto de referências a cultura pop americana. Para jovens, será como ler o diário de uma grande amiga. 0aLiteratura Americana 0aHumor 0aAmor e Paixão 0aInfantojuvenil 0aFilme 0aRomance 0aFicção  aRuy JungmanneTradutor aO diário da princesavLivro 01